000 00588nai a2200181Ia 4500
003 IN-BaIIA
008 211028c9999 xx s 000 0 eng d
022 _a0047-2468 (Print)
022 _a1420-8997 (Online)
040 _cIIA Library
245 0 _aJournal of Geometry
_h[eJournal]
260 _aBasel, Switzerland
_bSpringer International Publishing
310 _a3/year
362 _a58(1); 1997 - Present
521 _bSubscribed through National Knowledge Resource Consortium (NKRC)
856 _uhttps://www.springer.com/journal/22
_yClick Here to Access eJournal
942 _cEJ
999 _c35075
_d35075